[Event "Morchiashvili- Jakovenko m"]
[Site "Playchess"]
[Date "2009.04.27"]
[Round "?"]
[White "Morchiashvili, Bachana"]
[Black "Jakovenko, Dmitrij"]
[Result "0-1"]
[WhiteElo "2412"]
[BlackElo "2760"]
[PlyCount "72"]
[EventDate "2009.04.27"]
[EventType "match (blitz)"]
[EventCountry "GER"]

1. e4 e5 2. Nf3 Nc6 3. Bb5 a6 4. Ba4 Nf6 5. d3 d6 6. O-O Be7 7. d4 exd4 8. Nxd4
Bd7 9. Bxc6 bxc6 10. Re1 O-O 11. Nc3 Re8 12. Nf3 Bf8 13. Bg5 h6 14. Bh4 g6 15.
e5 g5 16. Bg3 dxe5 17. Nxe5 Bf5 18. Qf3 Bxc2 19. Nxc6 Qd2 20. Re5 Bg7 21. h4 g4
22. Qf4 Qxf4 23. Bxf4 Rxe5 24. Bxe5 Re8 25. Bxc7 Ne4 26. Re1 Re6 27. Nd8 Bxc3
28. bxc3 Re7 29. Ba5 Re5 30. Nc6 Rc5 31. Ne7+ Kh7 32. Bb4 Rh5 33. c4 a5 34. Ba3
Rxh4 35. Nd5 g3 36. f4 Nf2 0-1

[Event "Morchiashvili- Jakovenko m"]
[Site "Playchess"]
[Date "2009.04.27"]
[Round "?"]
[White "Jakovenko, Dmitrij"]
[Black "Morchiashvili, Bachana"]
[Result "1-0"]
[WhiteElo "2760"]
[BlackElo "2412"]
[PlyCount "79"]
[EventDate "2009.04.27"]
[EventType "match (blitz)"]
[EventCountry "GER"]

1. e4 c5 2. Nf3 Nc6 3. Bb5 Nd4 4. Nxd4 cxd4 5. O-O e6 6. c3 dxc3 7. Nxc3 a6 8.
Be2 Ne7 9. d4 d5 10. e5 Nc6 11. Be3 b5 12. Rc1 Bd7 13. f4 g6 14. g4 Qb6 15. Kh1
Bg7 16. Qd2 O-O 17. f5 exf5 18. Nxd5 Qb7 19. Bf3 Rfe8 20. gxf5 Rad8 21. f6 Bf8
22. Bh6 Bg4 23. Bg2 Kh8 24. Bxf8 Rxf8 25. Qh6 Rg8 26. Ne7 Bd7 27. Nxg8 Rxg8 28.
e6 Bxe6 29. Rxc6 Qd7 30. Rfc1 Bd5 31. Qd2 Bxc6 32. Bxc6 Qd6 33. Qf2 Rd8 34. d5
Qe5 35. Re1 Qh5 36. Qe2 h6 37. Qxh5 gxh5 38. Re8+ Rxe8 39. Bxe8 Kg8 40. d6 1-0

[Event "Seirawan-Solak m"]
[Site "Playchess"]
[Date "2009.05.09"]
[Round "?"]
[White "Seirawan, Yasser"]
[Black "Solak, Dragan"]
[Result "1-0"]
[WhiteElo "2634"]
[BlackElo "2590"]
[PlyCount "95"]
[EventDate "2009.05.09"]
[EventType "match (blitz)"]
[EventCountry "GER"]

1. d4 d5 2. c4 c6 3. Nc3 Nf6 4. cxd5 cxd5 5. Bf4 Nc6 6. e3 a6 7. Nf3 Bg4 8. Rc1
Bxf3 9. gxf3 e6 10. Qb3 Ra7 11. Be2 Bd6 12. Bg3 O-O 13. O-O Bxg3 14. hxg3 Nd7
15. Na4 Qa5 16. Nc5 Nxc5 17. Rxc5 Qb4 18. Qc2 g6 19. a3 Qb6 20. Rc1 Raa8 21. b4
Rfc8 22. f4 h5 23. Kg2 Kf8 24. Qb2 Ne7 25. a4 Qd6 26. a5 Nc6 27. Bd1 Kg7 28.
Ba4 Ne7 29. R1c3 Kg8 30. b5 h4 31. g4 g5 32. fxg5 Kg7 33. Kh3 Rh8 34. bxa6 Qxa6
35. Qb5 Qxb5 36. Rxb5 Nc6 37. Rxb7 Nxa5 38. Rd7 Nc4 39. Bb5 Rab8 40. Bxc4 Rhc8
41. Kxh4 dxc4 42. Kg3 Rb1 43. Kf4 Rd1 44. Ra7 Rd3 45. Raa3 Rd2 46. f3 Kg6 47.
Ra4 e5+ 48. dxe5 1-0

[Event "Seirawan-Solak m"]
[Site "Playchess"]
[Date "2009.05.09"]
[Round "?"]
[White "Solak, Dragan"]
[Black "Seirawan, Yasser"]
[Result "1/2-1/2"]
[WhiteElo "2590"]
[BlackElo "2634"]
[PlyCount "82"]
[EventDate "2009.05.09"]
[EventType "match (blitz)"]
[EventCountry "GER"]

1. d4 Nf6 2. Nf3 e6 3. c3 c5 4. Bg5 d5 5. e3 Nbd7 6. Nbd2 Be7 7. Bd3 b6 8. O-O
Bb7 9. Re1 Ne4 10. Bxe7 Qxe7 11. Qa4 O-O 12. Bb5 Nxd2 13. Nxd2 Nf6 14. Nf3 c4
15. Ba6 Rab8 16. Bxb7 Qxb7 17. Qc2 b5 18. a3 a5 19. Nd2 b4 20. axb4 axb4 21.
Rab1 b3 22. Qd1 Ra8 23. e4 Nxe4 24. Nxe4 dxe4 25. Qe2 Qd5 26. Qxe4 Ra5 27. Qxd5
exd5 28. g4 f6 29. Kg2 Kf7 30. Kg3 Ra2 31. h4 Rfa8 32. h5 R8a7 33. f4 R2a6 34.
Kf3 Re7 35. Rxe7+ Kxe7 36. Re1+ Kf7 37. Kg3 Ra2 38. Rb1 Ra7 39. Re1 Ra2 40. Rb1
Ra7 41. Re1 Ra2 1/2-1/2

[Event "Seirawan-Solak m"]
[Site "Playchess"]
[Date "2009.05.09"]
[Round "?"]
[White "Seirawan, Yasser"]
[Black "Solak, Dragan"]
[Result "0-1"]
[WhiteElo "2634"]
[BlackElo "2590"]
[PlyCount "134"]
[EventDate "2009.05.09"]
[EventType "match (blitz)"]
[EventCountry "GER"]

1. d4 d5 2. c4 c6 3. Nd2 Nf6 4. Ngf3 Bg4 5. Qb3 Qb6 6. cxd5 Qxb3 7. Nxb3 cxd5
8. Ne5 e6 9. Bd2 Nbd7 10. Rc1 Bd6 11. Nxg4 Nxg4 12. e3 Ke7 13. Na5 Rab8 14. Bd3
f5 15. Ke2 Ngf6 16. f3 g5 17. Be1 h5 18. Bg3 h4 19. Bxd6+ Kxd6 20. Rc3 h3 21.
g3 g4 22. f4 Nb6 23. Rhc1 Rhc8 24. b3 Rxc3 25. Rxc3 Ng8 26. Kd2 Ne7 27. b4 Nd7
28. a3 b6 29. Nb3 Rc8 30. Rxc8 Nxc8 31. Kc3 Kc7 32. Nd2 Nd6 33. b5 Nf6 34. a4
Kd7 35. Kc2 Ke7 36. Kd1 Kf7 37. Ke1 Ke7 38. Ke2 Kd7 39. Kd1 Kc7 40. Kc1 Kb7 41.
Kd1 Nde8 42. Nb1 Nc7 43. Nc3 a6 44. bxa6+ Nxa6 45. Kd2 Nc7 46. Ke2 Nce8 47. Kd2
Nd6 48. Ke2 Kc6 49. Kd2 Nh5 50. Ne2 b5 51. axb5+ Nxb5 52. Bxb5+ Kxb5 53. Kc3
Ka4 54. Kd3 Kb3 55. Kd2 Nf6 56. Nc3 Nh5 57. Ne2 Kc4 58. Kc2 Nf6 59. Nc1 Ne4 60.
Nd3 Kb5 61. Kd1 Ka4 62. Kc2 Ka3 63. Kc1 Kb3 64. Kd1 Kc3 65. Ke2 Kc4 66. Ne5+
Kb3 67. Nd3 Kc3 0-1

[Event "Seirawan-Solak m"]
[Site "Playchess"]
[Date "2009.05.09"]
[Round "?"]
[White "Solak, Dragan"]
[Black "Seirawan, Yasser"]
[Result "0-1"]
[WhiteElo "2590"]
[BlackElo "2634"]
[PlyCount "104"]
[EventDate "2009.05.09"]
[EventType "match (blitz)"]
[EventCountry "GER"]

1. d4 Nf6 2. c3 d5 3. Bg5 c6 4. Bxf6 gxf6 5. e3 Bf5 6. Bd3 Bg6 7. h4 e5 8. h5
Bxd3 9. Qxd3 e4 10. Qd1 Rg8 11. g3 Bd6 12. Qb3 Qb6 13. c4 dxc4 14. Qc2 f5 15.
Nd2 Bb4 16. Ne2 Bxd2+ 17. Qxd2 Nd7 18. Rc1 Qa6 19. Qb4 Nb6 20. a3 O-O-O 21. h6
Rd5 22. Qe7 Qa5+ 23. Nc3 Rd7 24. Qb4 Qxb4 25. axb4 Rg5 26. Kd2 Nd5 27. Nxd5
cxd5 28. Ra1 b6 29. b5 Kb7 30. Kc3 Kb8 31. Rh4 Rd6 32. Rah1 Rf6 33. Rh5 Rgg6
34. R1h4 Kc7 35. Rf4 Kd6 36. Rhxf5 Rxf5 37. Rxf5 f6 38. Rh5 Rg8 39. Rh1 Ra8 40.
Ra1 Ke6 41. Rh1 Kf5 42. Rh4 Kg5 43. Rh1 f5 44. Kc2 a5 45. Kb1 Rd8 46. Kc2 Rd6
47. Kd2 Rxh6 48. Rxh6 Kxh6 49. Ke2 Kg5 50. f3 h5 51. Kf2 a4 52. Kg2 c3 0-1

[Event "Seirawan-Solak m"]
[Site "Playchess"]
[Date "2009.05.09"]
[Round "?"]
[White "Seirawan, Yasser"]
[Black "Solak, Dragan"]
[Result "1-0"]
[WhiteElo "2634"]
[BlackElo "2590"]
[PlyCount "147"]
[EventDate "2009.05.09"]
[EventType "match (blitz)"]
[EventCountry "GER"]

1. c4 d6 2. d4 e5 3. Nf3 e4 4. Nfd2 f5 5. Nc3 Nf6 6. b4 g6 7. Nb3 Bg7 8. Bf4
O-O 9. e3 Nh5 10. Bg3 Be6 11. Be2 Nxg3 12. hxg3 Nd7 13. Rc1 Qe7 14. Na5 Rab8
15. d5 Bf7 16. g4 Ne5 17. gxf5 gxf5 18. g3 c6 19. a3 Rfc8 20. Kf1 c5 21. b5 Rf8
22. Kg2 Bg6 23. Nb3 Qg5 24. Rh4 Rf7 25. Nd2 Rbf8 26. b6 a6 27. Qc2 Qd8 28. Qb1
Bf6 29. Rh2 Rg7 30. Rch1 Nd7 31. Na4 Be5 32. Kf1 Qg5 33. Qb3 Kf7 34. Ke1 Ke7
35. Kd1 Rgf7 36. Kc2 Bg7 37. Nc3 Qf6 38. Ndb1 Kd8 39. Bd1 Kc8 40. Ne2 Qd8 41.
Nf4 Qxb6 42. Qxb6 Nxb6 43. Be2 Nd7 44. Bh5 Ne5 45. Nd2 b5 46. cxb5 axb5 47. Rb1
Rb7 48. a4 b4 49. Kb3 Kb8 50. Ne6 Rc8 51. Nc4 Nxc4 52. Kxc4 Be5 53. Bxg6 hxg6
54. Rh6 Rg8 55. a5 Ka7 56. Kb3 Ka6 57. Ka4 g5 58. Rh5 Bc3 59. Rh6 Be5 60. Nxc5+
Ka7 61. Nxb7 Kxb7 62. Rxb4+ Ka8 63. Rh7 f4 64. exf4 gxf4 65. gxf4 Bxf4 66. Rxe4
Be5 67. f4 Bf6 68. Kb5 Rb8+ 69. Ka6 Rc8 70. Re6 Bd4 71. Rxd6 Rf8 72. f5 Rc8 73.
Rc6 Rd8 74. d6 1-0

[Event "Seirawan-Solak m"]
[Site "Playchess"]
[Date "2009.05.09"]
[Round "?"]
[White "Solak, Dragan"]
[Black "Seirawan, Yasser"]
[Result "1/2-1/2"]
[WhiteElo "2590"]
[BlackElo "2634"]
[PlyCount "125"]
[EventDate "2009.05.09"]
[EventType "match (blitz)"]
[EventCountry "GER"]

1. d4 Nf6 2. Nf3 e6 3. Bg5 d5 4. Bxf6 Qxf6 5. c3 c5 6. e3 Nc6 7. Nbd2 Bd6 8. g3
O-O 9. Bg2 b6 10. O-O Ba6 11. Re1 Bd3 12. Rc1 Rac8 13. Bf1 Bxf1 14. Kxf1 h6 15.
Kg2 Rfd8 16. Qa4 Qf5 17. Qc2 Qxc2 18. Rxc2 f5 19. a3 c4 20. h3 Kf7 21. g4 Kf6
22. Nf1 b5 23. Ng3 g6 24. Nh4 g5 25. Nf3 a5 26. Rh1 Kg6 27. h4 fxg4 28. h5+ Kg7
29. Nh2 b4 30. axb4 axb4 31. Ra1 Ra8 32. Rcc1 Na5 33. cxb4 Nb3 34. Rxa8 Rxa8
35. Rb1 Bxb4 36. Nxg4 Ra2 37. Nf1 Ra1 38. Rxa1 Nxa1 39. Kf3 Nc2 40. Ke2 Ne1 41.
Ne5 Nc2 42. Nd2 Bd6 43. Nc6 g4 44. b3 cxb3 45. Nxb3 Kf6 46. Nc5 Na3 47. Nd7+
Kf5 48. Nde5 Nc4 49. Nxc4 dxc4 50. Na5 Kg5 51. Nxc4 Bb8 52. f3 Kxh5 53. fxg4+
Kxg4 54. Kf2 h5 55. Kg2 h4 56. e4 h3+ 57. Kh1 Bf4 58. d5 exd5 59. exd5 Kf5 60.
d6 Bxd6 61. Nxd6+ Kg4 62. Kh2 Kg5 63. Kxh3 1/2-1/2

[Event "Seirawan-Solak m"]
[Site "Playchess"]
[Date "2009.05.09"]
[Round "?"]
[White "Seirawan, Yasser"]
[Black "Solak, Dragan"]
[Result "1-0"]
[WhiteElo "2634"]
[BlackElo "2590"]
[PlyCount "75"]
[EventDate "2009.05.09"]
[EventType "match (blitz)"]
[EventCountry "GER"]

1. c4 g6 2. d4 Bg7 3. e4 d6 4. Nc3 e5 5. Be3 Nc6 6. d5 Nce7 7. g4 h5 8. g5 f5
9. h4 f4 10. Bd2 c5 11. b4 cxb4 12. Qa4+ Bd7 13. Qxb4 Qc7 14. Nb5 Bxb5 15. cxb5
Qc5 16. Rc1 Qb6 17. a4 Rc8 18. Bh3 Rxc1+ 19. Bxc1 Kd8 20. Ba3 Nc8 21. Nf3 Nge7
22. O-O a5 23. Qd2 Kc7 24. Rc1+ Kb8 25. Qc3 Rd8 26. Nd2 Bf8 27. Nc4 Qc7 28.
Qxa5 Qxa5 29. Nxa5 Nb6 30. Nc4 Nec8 31. a5 Nxc4 32. Rxc4 b6 33. axb6 Nxb6 34.
Rc6 Kb7 35. Be6 Be7 36. Kg2 Na4 37. Bb4 Nc5 38. b6 1-0

[Event "Seirawan-Solak m"]
[Site "Playchess"]
[Date "2009.05.09"]
[Round "?"]
[White "Solak, Dragan"]
[Black "Seirawan, Yasser"]
[Result "0-1"]
[WhiteElo "2590"]
[BlackElo "2634"]
[PlyCount "56"]
[EventDate "2009.05.09"]
[EventType "match (blitz)"]
[EventCountry "GER"]

1. e4 c6 2. d3 d5 3. g3 e5 4. Nc3 Nf6 5. Bg2 Bb4 6. Bd2 O-O 7. Nf3 Re8 8. O-O
d4 9. Ne2 Bxd2 10. Nxd2 c5 11. h3 Nc6 12. f4 Nd7 13. Nc4 Qc7 14. a4 Nb6 15. b3
Nxc4 16. bxc4 Bd7 17. Kh2 Nb4 18. h4 Re6 19. Bh3 Ra6 20. Bxd7 Qxd7 21. a5 b6
22. fxe5 Nc6 23. c3 dxc3 24. Nxc3 Nxe5 25. axb6 axb6 26. Rxa6 Rxa6 27. Nd5 Ra2+
28. Kg1 Qh3 0-1

[Event "Seirawan-Solak m"]
[Site "Playchess"]
[Date "2009.05.09"]
[Round "?"]
[White "Seirawan, Yasser"]
[Black "Solak, Dragan"]
[Result "1-0"]
[WhiteElo "2634"]
[BlackElo "2590"]
[PlyCount "101"]
[EventDate "2009.05.09"]
[EventType "match (blitz)"]
[EventCountry "GER"]

1. c4 c5 2. g3 g6 3. Bg2 Bg7 4. Nc3 Nc6 5. a3 a5 6. e3 d6 7. Nge2 e5 8. Nd5
Nge7 9. Nec3 O-O 10. O-O Nxd5 11. Nxd5 Rb8 12. d3 Bd7 13. b3 b5 14. Bd2 h5 15.
h3 f5 16. h4 Kh8 17. Rb1 b4 18. axb4 axb4 19. Bc1 Ne7 20. Bb2 Nxd5 21. Bxd5 f4
22. Ra1 Bg4 23. Qd2 Qe7 24. Ra6 fxg3 25. fxg3 Rxf1+ 26. Kxf1 Rf8+ 27. Kg2 Bc8
28. Ra8 Qd7 29. Kg1 Bh6 30. Bc1 Qg4 31. Qe1 g5 32. hxg5 Bxg5 33. Ra2 h4 34. Rg2
h3 35. Rh2 Kg7 36. Bd2 Bf5 37. e4 Bxd2 38. Rxd2 Bg6 39. Kh2 Rf3 40. Qg1 Qg5 41.
Rf2 Qe3 42. Rxf3 Qxf3 43. Kxh3 Qxd3 44. Qf2 Qxb3 45. Kh4 Qd3 46. g4 b3 47. g5
Qc2 48. Qf6+ Kh7 49. Qe7+ Kh8 50. Qf8+ Kh7 51. Qh6# 1-0

[Event "Seirawan-Solak m"]
[Site "Playchess"]
[Date "2009.05.09"]
[Round "?"]
[White "Solak, Dragan"]
[Black "Seirawan, Yasser"]
[Result "1-0"]
[WhiteElo "2590"]
[BlackElo "2634"]
[PlyCount "95"]
[EventDate "2009.05.09"]
[EventType "match (blitz)"]
[EventCountry "GER"]

1. d4 Nf6 2. Nf3 c5 3. Bg5 cxd4 4. Bxf6 gxf6 5. Qxd4 Nc6 6. Qa4 Qb6 7. Qb3 f5
8. Qxb6 axb6 9. c3 b5 10. e3 b4 11. Bb5 Bg7 12. Nd4 e6 13. Bxc6 bxc6 14. cxb4
Ke7 15. a3 Bb7 16. Nd2 Rhc8 17. Rc1 d6 18. N2b3 h5 19. Kd2 Rab8 20. Rc2 c5 21.
bxc5 dxc5 22. Nxc5 Bxg2 23. Rg1 Bxd4 24. exd4 Bd5 25. b4 f4 26. Rb2 Rg8 27.
Rxg8 Rxg8 28. b5 Rg2 29. Kc3 Rxh2 30. b6 Rg2 31. a4 h4 32. b7 Bxb7 33. Rxb7+
Kf6 34. Rb1 h3 35. Rh1 h2 36. a5 Kf5 37. a6 Rxf2 38. Kb3 Rf3+ 39. Kb4 Rh3 40.
a7 Rh8 41. Rxh2 Ra8 42. Ra2 f3 43. Kb5 Kf4 44. Kb6 Ke3 45. Ra3+ Kxd4 46. Rxf3
Rxa7 47. Nb3+ Ke4 48. Nd2+ 1-0

[Event "Seirawan-Solak m"]
[Site "Playchess"]
[Date "2009.05.09"]
[Round "?"]
[White "Seirawan, Yasser"]
[Black "Solak, Dragan"]
[Result "1-0"]
[WhiteElo "2634"]
[BlackElo "2590"]
[PlyCount "77"]
[EventDate "2009.05.09"]
[EventType "match (blitz)"]
[EventCountry "GER"]

1. c4 c6 2. Nc3 d5 3. d4 Nf6 4. e3 a6 5. Nf3 b5 6. b3 Bf5 7. Bd3 e6 8. Bxf5
exf5 9. O-O Nbd7 10. Qd3 g6 11. cxd5 cxd5 12. Bd2 Bd6 13. Ne2 Ne4 14. Rfc1 O-O
15. Rc6 Qb8 16. Rac1 Bxh2+ 17. Nxh2 Nxf2 18. Qc2 Ne4 19. Ba5 Ndf6 20. Bc7 Qe8
21. Be5 Nd7 22. Nf3 Nxe5 23. dxe5 g5 24. Qb2 g4 25. Nh4 f6 26. exf6 Qh5 27. g3
Nxg3 28. Nxg3 Qxh4 29. Qf2 Rxf6 30. Rc8+ Rxc8 31. Rxc8+ Kf7 32. Qf4 Kg6 33.
Rg8+ Kf7 34. Qb8 Qxg3+ 35. Qxg3 Kxg8 36. Qe5 Kg7 37. Kg2 Kg6 38. Kg3 Rc6 39.
Qe8+ 1-0

[Event "Seirawan-Solak m"]
[Site "Playchess"]
[Date "2009.05.09"]
[Round "?"]
[White "Solak, Dragan"]
[Black "Seirawan, Yasser"]
[Result "1-0"]
[WhiteElo "2590"]
[BlackElo "2634"]
[PlyCount "83"]
[EventDate "2009.05.09"]
[EventType "match (blitz)"]
[EventCountry "GER"]

1. e4 c6 2. g3 d5 3. d3 e5 4. Nc3 Nf6 5. Bg2 Bb4 6. Bd2 O-O 7. Nf3 Bg4 8. h3
Bxf3 9. Qxf3 d4 10. Nb1 Bxd2+ 11. Nxd2 c5 12. O-O Nc6 13. Qf5 g6 14. Qg5 Kg7
15. f4 h6 16. Qh4 Nh5 17. Qxd8 Rfxd8 18. Kh2 Nf6 19. Nf3 Re8 20. c3 dxc3 21.
bxc3 Rad8 22. Rad1 exf4 23. gxf4 c4 24. e5 Nd5 25. dxc4 Nxf4 26. Rxd8 Rxd8 27.
Nd4 Nxd4 28. Rxf4 Ne6 29. Rf6 Rd2 30. Kg3 Rd3+ 31. Kf2 b6 32. Bd5 Ng5 33. Ke2
Rxh3 34. Rd6 Rh2+ 35. Ke3 h5 36. Rd7 Kf8 37. Rxa7 h4 38. Ra8+ Kg7 39. Ra7 Kf8
40. Ra8+ Kg7 41. Ra7 h3 42. e6 1-0

[Event "Seirawan-Solak m"]
[Site "Playchess"]
[Date "2009.05.09"]
[Round "?"]
[White "Seirawan, Yasser"]
[Black "Solak, Dragan"]
[Result "1/2-1/2"]
[WhiteElo "2634"]
[BlackElo "2590"]
[PlyCount "95"]
[EventDate "2009.05.09"]
[EventType "match (blitz)"]
[EventCountry "GER"]

1. c4 d5 2. cxd5 Nf6 3. Nc3 Nxd5 4. g3 c6 5. Bg2 g6 6. Nf3 Bg7 7. O-O O-O 8. e4
Nb6 9. d4 Bg4 10. Ne2 c5 11. dxc5 Qxd1 12. Rxd1 Na4 13. h3 Bxf3 14. Bxf3 Nc6
15. Be3 Nxb2 16. Rd7 Ne5 17. Rxe7 Nxf3+ 18. Kg2 Nc4 19. Rb1 Nxe3+ 20. Kxf3 Nc4
21. Rbxb7 Rac8 22. Nf4 Bf6 23. Rec7 Rxc7 24. Rxc7 Be5 25. Rxa7 Bxf4 26. gxf4
Rc8 27. Ke2 Rxc5 28. Kd3 Nd6 29. Ra6 Nb5 30. Ra5 Rc3+ 31. Kd2 Rf3 32. Rxb5
Rxf2+ 33. Ke3 Rxa2 34. Kf3 h5 35. f5 Ra3+ 36. Kf4 Rxh3 37. Kg5 Kg7 38. fxg6 f6+
39. Kf4 Kxg6 40. Rb6 Rh4+ 41. Kf3 Rh3+ 42. Kf4 Rh1 43. e5 Rf1+ 44. Kg3 Kg5 45.
Rxf6 Rxf6 46. exf6 Kxf6 47. Kh4 Ke5 48. Kxh5 1/2-1/2

[Event "Jakovenko Safarjil m"]
[Site "Playchess"]
[Date "2009.05.15"]
[Round "?"]
[White "Jakovenko, Dmitrij"]
[Black "Safarli, Eltaj"]
[Result "0-1"]
[WhiteElo "2760"]
[BlackElo "2592"]
[PlyCount "84"]
[EventDate "2009.05.15"]
[EventType "blitz"]
[EventCountry "GER"]

1. e4 c5 2. Nf3 d6 3. d4 cxd4 4. Nxd4 Nf6 5. Nc3 a6 6. Bg5 e6 7. f4 Qb6 8. Qd2
Qxb2 9. Rb1 Qa3 10. e5 dxe5 11. fxe5 Nd5 12. Nxd5 exd5 13. Bd3 Bc5 14. c3 Nc6
15. O-O Qxc3 16. Qxc3 Bxd4+ 17. Qxd4 Nxd4 18. Rfd1 Nc6 19. Be2 O-O 20. Rxd5 Be6
21. Rc5 Rab8 22. a3 Nd4 23. Bf1 b5 24. Be7 Rfc8 25. Rd1 Nb3 26. Rxc8+ Rxc8 27.
Rd6 Nc5 28. Rb6 h6 29. Bd6 Bc4 30. g3 a5 31. Bh3 Ne6 32. Kf2 Bd3 33. Ke3 Rc3
34. Kd2 Rb3 35. Be7 Nd4 36. Rb8+ Kh7 37. Bg4 Bf5 38. Bxf5+ Nxf5 39. Bc5 h5 40.
h4 Nxg3 41. Rb7 Ne4+ 42. Kc2 Rc3+ 0-1

[Event "Jakovenko Safarjil m"]
[Site "Playchess"]
[Date "2009.05.15"]
[Round "?"]
[White "Jakovenko, Dmitrij"]
[Black "Safarli, Eltaj"]
[Result "1-0"]
[WhiteElo "2760"]
[BlackElo "2592"]
[PlyCount "111"]
[EventDate "2009.05.15"]
[EventType "blitz"]
[EventCountry "GER"]

1. d4 Nf6 2. c4 g6 3. Nc3 d5 4. Qb3 dxc4 5. Qxc4 Bg7 6. e4 O-O 7. Be2 a6 8. Be3
b5 9. Qb3 Ng4 10. Bxg4 Bxg4 11. h3 Bc8 12. Nf3 Nc6 13. Rd1 Na5 14. Qc2 f5 15.
exf5 Bxf5 16. Qe2 Qd6 17. O-O Rae8 18. Ne5 Nc6 19. f4 Nxe5 20. dxe5 Qc6 21. Nd5
Be6 22. Nb4 Qc4 23. Qxc4 Bxc4 24. Rf2 g5 25. Nxa6 Rd8 26. Rxd8 Rxd8 27. b3 Bf7
28. Nxc7 Rd3 29. Bd2 b4 30. Na6 gxf4 31. Bxf4 Rd4 32. Bg3 h5 33. h4 Be6 34. Kh2
Kh7 35. Rf4 Rd2 36. Rf2 Rxf2 37. Bxf2 Bxe5+ 38. g3 Bc3 39. Bc5 Bf5 40. Bxe7 Bb1
41. Bxb4 Bd4 42. Bc5 Bc3 43. a3 Bc2 44. b4 Bd3 45. Nc7 Be5 46. Nd5 Bb2 47. a4
Bc3 48. b5 Ba5 49. Bb4 Bc4 50. Bxa5 Bxd5 51. Bc7 Bb3 52. a5 Bc4 53. b6 Ba6 54.
g4 Kg6 55. gxh5+ Kxh5 56. Kg3 1-0

[Event "Jakovenko-Nepompiatchy m"]
[Site "Playchess"]
[Date "2009.05.15"]
[Round "?"]
[White "Jakovenko, Dmitrij"]
[Black "Nepomniachtchi, Ian"]
[Result "1-0"]
[WhiteElo "2760"]
[BlackElo "2624"]
[PlyCount "51"]
[EventDate "2009.05.15"]
[EventType "blitz"]
[EventCountry "GER"]

1. d4 e6 2. c4 d5 3. Nc3 c6 4. e3 Nf6 5. Nf3 Nbd7 6. Bd3 Bd6 7. O-O O-O 8. e4
dxc4 9. Bxc4 e5 10. h3 b5 11. Bb3 b4 12. Na4 Ba6 13. Re1 Bb5 14. Qc2 Rc8 15.
dxe5 Nxe5 16. Nxe5 Bxe5 17. Nc5 Qe7 18. Be3 Bd6 19. Rac1 a6 20. f4 Nh5 21. e5
Bb8 22. Qf2 g5 23. Ne4 gxf4 24. Bxf4 Bxe5 25. Bxe5 Qxe5 26. Rc5 1-0

[Event "Jakovenko-Nepompiatchy m"]
[Site "Playchess"]
[Date "2009.05.15"]
[Round "?"]
[White "Nepomniachtchi, Ian"]
[Black "Jakovenko, Dmitrij"]
[Result "0-1"]
[WhiteElo "2624"]
[BlackElo "2760"]
[PlyCount "31"]
[EventDate "2009.05.15"]
[EventType "blitz"]
[EventCountry "GER"]

1. e4 e5 2. Nf3 Nc6 3. d4 exd4 4. Nxd4 Bc5 5. Nxc6 Qf6 6. Qd2 dxc6 7. Nc3 Bd4
8. Bd3 Ne7 9. O-O O-O 10. Ne2 Bxb2 11. Bxb2 Qxb2 12. f4 Bg4 13. e5 Bxe2 14.
Qxe2 Qd4+ 15. Kh1 Nd5 16. Rf3 0-1

[Event "Jakovenko-Nepompiatchy m"]
[Site "Playchess"]
[Date "2009.05.15"]
[Round "?"]
[White "Jakovenko, Dmitrij"]
[Black "Nepomniachtchi, Ian"]
[Result "1-0"]
[WhiteElo "2760"]
[BlackElo "2624"]
[PlyCount "121"]
[EventDate "2009.05.15"]
[EventType "blitz"]
[EventCountry "GER"]

1. e4 e6 2. d4 d5 3. Nc3 Nf6 4. e5 Nfd7 5. f4 c5 6. Nf3 Nc6 7. Be3 c4 8. g4 b5
9. Bg2 b4 10. Ne2 h5 11. gxh5 Be7 12. Ng3 Nf8 13. O-O a5 14. Qd2 a4 15. Rf2 a3
16. b3 c3 17. Qd3 Ba6 18. Qd1 Qb6 19. f5 O-O-O 20. Qe1 exf5 21. Nxf5 Ne6 22.
Nxe7+ Nxe7 23. Ng5 Rxh5 24. Nxf7 Rd7 25. Rd1 Nf5 26. Rxf5 Rxf5 27. Nd6+ Rxd6
28. exd6 Qxd6 29. Qh4 Qf8 30. Re1 g5 31. Qg4 Kb8 32. Qg3+ Ka7 33. Bh3 Nf4 34.
Bxf5 Qxf5 35. Bxf4 gxf4 36. Qg7+ Bb7 37. Qe7 Qg4+ 38. Kf2 Qh5 39. Qc5+ Ka8 40.
Qf8+ Ka7 41. Qxf4 Qh7 42. Re2 Ba6 43. Re5 Qxc2+ 44. Kg3 Qd3+ 45. Qf3 Qxd4 46.
Re7+ Bb7 47. Qf2 Qxf2+ 48. Kxf2 Kb6 49. Ke3 Ba6 50. Kd4 Kc6 51. Re1 Bc8 52. h4
Bg4 53. Rg1 c2 54. Rc1 Bd1 55. h5 Bxh5 56. Rxc2+ Kb5 57. Rc5+ Kb6 58. Rxd5 Bg6
59. Rd6+ Kb5 60. Rxg6 Ka5 61. Rg5+ 1-0

[Event "Jakovenko-Nepompiatchy m"]
[Site "Playchess"]
[Date "2009.05.15"]
[Round "?"]
[White "Nepomniachtchi, Ian"]
[Black "Jakovenko, Dmitrij"]
[Result "1-0"]
[WhiteElo "2624"]
[BlackElo "2760"]
[PlyCount "69"]
[EventDate "2009.05.15"]
[EventType "blitz"]
[EventCountry "GER"]

1. e4 e5 2. d4 exd4 3. Qxd4 Nc6 4. Qe3 Nf6 5. Bd2 d5 6. exd5+ Ne7 7. Bb5+ Bd7
8. Bxd7+ Qxd7 9. c4 O-O-O 10. Ne2 Kb8 11. Nbc3 c6 12. O-O Nf5 13. Qf3 cxd5 14.
Bf4+ Bd6 15. Nb5 Bxf4 16. Qxf4+ Nd6 17. Nec3 a6 18. c5 axb5 19. cxd6 Qxd6 20.
Qd4 Qa6 21. a4 b4 22. Nb5 Ne4 23. Rfd1 Rhe8 24. Rac1 Re7 25. Qxb4 Red7 26. Qd4
f6 27. Qe3 Nd6 28. Qg3 Qb6 29. Rxd5 Ka8 30. Rcd1 Ne4 31. Rxd7 Rxd7 32. Rc1 Rd8
33. Qf4 Qc5 34. h4 Qe5 35. Qe3 1-0

[Event "Jakovenko-Nepompiatchy m"]
[Site "Playchess"]
[Date "2009.05.15"]
[Round "?"]
[White "Jakovenko, Dmitrij"]
[Black "Nepomniachtchi, Ian"]
[Result "1-0"]
[WhiteElo "2760"]
[BlackElo "2624"]
[PlyCount "117"]
[EventDate "2009.05.15"]
[EventType "blitz"]
[EventCountry "GER"]

1. e4 c5 2. Nf3 Nc6 3. d4 cxd4 4. Nxd4 e6 5. Nc3 a6 6. Be2 Nge7 7. Be3 g6 8. h4
h5 9. Qd2 Bg7 10. O-O-O b5 11. Kb1 Bb7 12. Nb3 Ne5 13. Nc5 Bc6 14. Bd4 d6 15.
Nb3 b4 16. f4 bxc3 17. Bxc3 Bxe4 18. fxe5 Nd5 19. Ba5 Qe7 20. exd6 Qxd6 21. Bf3
Bxf3 22. gxf3 O-O 23. c4 Rfc8 24. cxd5 exd5 25. Nd4 Rc4 26. Bc3 Rac8 27. Rc1
Qb6 28. Rhd1 Kh7 29. f4 f5 30. Ne2 Qe6 31. Bxg7 Qe4+ 32. Ka1 Qxe2 33. Bc3 Qxd2
34. Bxd2 Rd8 35. Rxc4 dxc4 36. Kb1 Rd3 37. Kc2 Rh3 38. Be1 Rh1 39. Bf2 Rh3 40.
Rd4 Kg7 41. Kd2 c3+ 42. bxc3 Rf3 43. Be3 Rh3 44. c4 Rxh4 45. c5 Rh2+ 46. Kd3
Rxa2 47. c6 Ra3+ 48. Ke2 Rc3 49. Rd7+ Kh6 50. c7 h4 51. Bb6 h3 52. Rd8 h2 53.
Rh8+ Kg7 54. Rxh2 Rc2+ 55. Kd3 Rxh2 56. c8=Q Rh7 57. Bd4+ Kh6 58. Qf8+ Kh5 59.
Qf6 1-0

[Event "Jakovenko-Nepompiatchy m"]
[Site "Playchess"]
[Date "2009.05.15"]
[Round "?"]
[White "Nepomniachtchi, Ian"]
[Black "Jakovenko, Dmitrij"]
[Result "1-0"]
[WhiteElo "2624"]
[BlackElo "2760"]
[PlyCount "71"]
[EventDate "2009.05.15"]
[EventType "blitz"]
[EventCountry "GER"]

1. e4 c6 2. d4 d5 3. f3 e6 4. Nc3 b6 5. Bf4 Ba6 6. Nge2 Nd7 7. Qd2 Ngf6 8.
O-O-O Bb4 9. e5 Ng8 10. a3 Bf8 11. Bg5 Ne7 12. f4 Qc7 13. g4 h6 14. Bh4 g5 15.
fxg5 Ng6 16. Bf2 hxg5 17. Be3 c5 18. Bxg5 c4 19. h4 b5 20. h5 Ne7 21. Bg2 Rb8
22. Rhf1 b4 23. axb4 Nc6 24. Nxd5 exd5 25. Bxd5 Rh7 26. e6 fxe6 27. Bxe6 Nxb4
28. Qe3 Be7 29. Bf7+ Kd8 30. Bxe7+ Kc8 31. Bxb4 Rxb4 32. Qe8+ Kb7 33. Bd5+ Kb6
34. Nc3 Ka5 35. Rf5 Bb5 36. Qe1 1-0

[Event "Jakovenko-Nepompiatchy m"]
[Site "Playchess"]
[Date "2009.05.15"]
[Round "?"]
[White "Jakovenko, Dmitrij"]
[Black "Nepomniachtchi, Ian"]
[Result "1-0"]
[WhiteElo "2760"]
[BlackElo "2624"]
[PlyCount "49"]
[EventDate "2009.05.15"]
[EventType "blitz"]
[EventCountry "GER"]

1. d4 Nf6 2. c4 g6 3. Nc3 Bg7 4. e4 O-O 5. Nf3 d6 6. Be2 e5 7. O-O Na6 8. Be3
Ng4 9. Bg5 f6 10. Bc1 Qe8 11. Re1 h5 12. Rb1 c6 13. h3 Nh6 14. b4 Nf7 15. c5
exd4 16. Bxa6 dxc3 17. Bc4 Be6 18. Qb3 Bxc4 19. Qxc4 Rd8 20. Qxc3 Qe6 21. Qc2
d5 22. exd5 Qxd5 23. Qxg6 Rfe8 24. Rxe8+ Rxe8 25. Bh6 1-0